Housing (Record no. 109848)
[ view plain ]
| 000 -LEADER | |
|---|---|
| fixed length control field | 01170cad a22002415a 4500 |
| 001 - CONTROL NUMBER | |
| control field | E148025 |
| 008 - FIXED-LENGTH DATA ELEMENTS--GENERAL INFORMATION | |
| fixed length control field | 090714e20090612xxkb f s000 0 eng d |
| 035 ## - SYSTEM CONTROL NUMBER | |
| System control number | (Sirsi) u148025 |
| 041 0# - LANGUAGE CODE | |
| Language code of text/sound track or separate title | eng |
| 050 04 - LIBRARY OF CONGRESS CALL NUMBER | |
| Classification number | 306.1 $2 18 |
| 100 1# - MAIN ENTRY--PERSONAL NAME | |
| Personal name | Berry, Kate |
| 245 00 - TITLE STATEMENT | |
| Title | Housing |
| Remainder of title | subject profile |
| Medium | [electronic resource] |
| 260 ## - PUBLICATION, DISTRIBUTION, ETC. | |
| Place of publication, distribution, etc. | Edinburgh |
| Name of publisher, distributor, etc. | Scottish Parliament |
| Date of publication, distribution, etc. | 2009 |
| 490 #0 - SERIES STATEMENT | |
| Series statement | SPICe Briefing |
| Volume/sequential designation | (09/42) 12 June 2009 |
| 505 2# - FORMATTED CONTENTS NOTE | |
| Formatted contents note | Executive summary -- Introduction -- Key legislation -- Key bodies -- Social landlord functions -- Funding of social rented housing -- The private housing sector -- Appendix 1: main components of the Affordable Housing Investment Programme -- Sources |
| 520 ## - SUMMARY, ETC. | |
| Summary, etc. | Gives an introduction to housing in Scotland, discussing the legislative and administrative framework and highlighting recent developments in policy. |
| 521 ## - TARGET AUDIENCE NOTE | |
| Target audience note | Advanced |
| 590 ## - LOCAL NOTE (RLIN) | |
| Local note | KA |
| 651 #4 - SUBJECT ADDED ENTRY--GEOGRAPHIC NAME | |
| Geographic name | Scotland |
| Chronological subdivision | 1999- |
| 690 ## - LOCAL SUBJECT ADDED ENTRY--TOPICAL TERM (OCLC, RLIN) | |
| Topical term or geographic name as entry element | PROPERTY-RESIDENTIAL PROPERTY-DOMESTIC RESIDENTIAL PROPERTY-HOUSING |
| 856 40 - ELECTRONIC LOCATION AND ACCESS | |
| Uniform Resource Identifier | <a href="https://www.scottish.parliament.uk/business/research/date/index.htm">https://www.scottish.parliament.uk/business/research/date/index.htm</a> |
| Public note | View the briefing free of charge at www.scottish.parliament.uk... |
| 942 ## - ADDED ENTRY ELEMENTS (KOHA) | |
| Suppress in OPAC | 0 |
| Withdrawn status | Lost status | Source of classification or shelving scheme | Damaged status | Not for loan | Home library | Current library | Shelving location | Date acquired | Total Checkouts | Full call number | Barcode | Date last seen | Copy number | Price effective from | Koha item type |
|---|---|---|---|---|---|---|---|---|---|---|---|---|---|---|---|
| Dewey Decimal Classification | Virtual | Virtual | Online | 14/07/2009 | ONLINE PUBLICATION | 148025-2001 | 06/08/2019 | 1 | 06/08/2019 | Book |